The ghost map : (Record no. 1006)

MARC details
000 -LEADER
fixed length control field 00603nam a2200193 ar4500
001 - CONTROL NUMBER
control field 1007
005 - DATE AND TIME OF LATEST TRANSACTION
control field 20221127090105.0
008 - FIXED-LENGTH DATA ELEMENTS--GENERAL INFORMATION
fixed length control field 080804s xxu a 00110 eng d
020 ## - INTERNATIONAL STANDARD BOOK NUMBER
International Standard Book Number 1400041201 :
Terms of availability SR154.00
082 04 - DEWEY DECIMAL CLASSIFICATION NUMBER
Classification number 614.514
Item number J637 2006
Edition number 22
100 1# - MAIN ENTRY--PERSONAL NAME
Personal name Johnson, Steven.
245 14 - TITLE STATEMENT
Title The ghost map :
Remainder of title the story of London's most terrifying epidemic ... /
Statement of responsibility, etc. S. Johnson.
260 ## - PUBLICATION, DISTRIBUTION, ETC.
Place of publication, distribution, etc. New York :
Name of publisher, distributor, etc. Riverhead Books,
Date of publication, distribution, etc. 2006.
300 ## - PHYSICAL DESCRIPTION
Extent 299 p. :
Other physical details ill. ;
Dimensions 24 cm.
504 ## - BIBLIOGRAPHY, ETC. NOTE
Bibliography, etc. note Includes bibl. references and index.
650 #4 - SUBJECT ADDED ENTRY--TOPICAL TERM
Topical term or geographic name entry element Cholera
Geographic subdivision London
General subdivision History
650 #4 - SUBJECT ADDED ENTRY--TOPICAL TERM
Topical term or geographic name entry element Diseases.
650 #4 - SUBJECT ADDED ENTRY--TOPICAL TERM
Topical term or geographic name entry element Infections.
Holdings
Withdrawn status Lost status Source of classification or shelving scheme Damaged status Not for loan Home library Current library Date acquired Total Checkouts Full call number Barcode Date last seen Copy number Price effective from Koha item type
          CENTRAL CENTRAL 11/27/2022   614.514 J637 2006 1000000000399 11/27/2022 C1 11/27/2022 Book